Το κίνημα ενάντια στην παγκοσμιοποίηση : πολιτική κουλτούρα και ρεπερτόριο δράσης : πτυχιακή εργασία
Saved in:
| Main Author: | |
|---|---|
| Corporate Author: | |
| Other Authors: | |
| Format: | Thesis Book |
| Language: | Greek |
| Published: |
Μυτιλήνη :
Πανεπιστήμιο Αιγαίου, Τμήμα Κοινωνιολογίας,
2003
|
| Subjects: | |
| Online Access: | http://hdl.handle.net/11610/7718 |
| Tags: |
Add Tag
No Tags, Be the first to tag this record!
|
MARC
| LEADER | 00000cam a2200000 i 4500 | ||
|---|---|---|---|
| 001 | 1/24046 | ||
| 008 | 060213s2003 gre d | ||
| 035 | |l 10082580 | ||
| 040 | |a GR-MY-UA |b gre |e aacr | ||
| 041 | 0 | |a gre | |
| 082 | 0 | |a 303.484 |2 (22) | |
| 100 | 1 | |a Δρακάκης, Ηρακλής. | |
| 245 | 1 | 3 | |a Το κίνημα ενάντια στην παγκοσμιοποίηση : |b πολιτική κουλτούρα και ρεπερτόριο δράσης : πτυχιακή εργασία / |c Δρακάκης Ηρακλής ; υπεύθυνος καθηγητής Σεβαστάκης Νικόλας |
| 260 | |a Μυτιλήνη : |b Πανεπιστήμιο Αιγαίου, Τμήμα Κοινωνιολογίας, |c 2003 | ||
| 300 | |a 64 σ.; |c 30 εκ. | ||
| 502 | |a Πτυχιακή εργασία – Πανεπιστήμιο Αιγαίου, Λέσβος, 2003. | ||
| 504 | |a Βιβλιογραφία: σ. 62-64 | ||
| 650 | 0 | 0 | |a Globalization. |
| 650 | 0 | 0 | |a Anti-globalization movement. |
| 650 | 0 | 0 | |a Protest movements. |
| 650 | 0 | 0 | |a Globalization |x Political aspects. |
| 650 | 0 | 0 | |a Dissertations, Academic |z Greece. |
| 700 | 1 | |a Σεβαστάκης, Νικόλας. |4 ths | |
| 710 | 2 | |a Πανεπιστήμιο Αιγαίου |b Σχολή Κοινωνικών Επιστημών |b Τμήμα Κοινωνιολογίας. | |
| 852 | |a INST |b LESVOS |c DIATR |e 20060213 |h 41 |p 005100034350 |q 005100034350 |t DIE |y 23 | ||
| 852 | |a INST |b LESVOS |c DIATR |e 20060213 |h 42 |p 005100034269 |q 005100034269 |t DIE |y 23 | ||
| 856 | |u http://hdl.handle.net/11610/7718 | ||
| 901 | |a BIBL1-2006-1 | ||
| 909 | |a Λ |b 106323 | ||
| 909 | |a Λ |b 106322 | ||
| 924 | |a ΔΡΑΚΑΚΗΣ |b ΗΡΑΚΛΗΣ |y ΛΕΣΒΟΣ |z 2003-10 | ||
| 970 | |a ΜΑΡΙΝΑΤΟΥ |b ΜΥΡΣΙΝΗ |z 2006/02/13 | ||